000
00267nam a2200109Ia 4500
008
190914s9999||||xx |||||||||||||| ||und||
100
_a
Stallings, Van Slyke
245
0
_a
Business Data Communications
260
_a
USA
_b
McGraw Hill
_c
1994
300
_a
521
942
_c
BK
999
_c
8407
_d
8407